All Major Marvel Projects - Statistics

General Stats
  • This quiz has been taken 25 times
  • The average score is 80 of 127
Answer Stats
Year Project % Correct
2015 Avengers: Age of Ultron
100%
Captain America
100%
1942-1945 Captain America: The First Avenger
100%
2014 Captain America: The Winter Soldier
100%
Hulk
100%
2008 Iron Man
100%
2013 Iron Man 3
100%
2012 The Avengers
100%
2010 The Incredible Hulk
100%
2015 Ant-Man
95%
2018 Ant-Man and the Wasp
95%
2018 Avengers: Infinity War
95%
2016 Captain America: Civil War
95%
2010 Iron Man 2
95%
2010 Thor
95%
2023 WandaVision
95%
Upcoming Avengers: Doomsday
89%
2023 Avengers: Endgame
89%
2016 Black Panther
89%
2016 Black Widow
89%
1995 Captain Marvel
89%
2017 Doctor Strange
89%
2014 Guardians of the Galaxy
89%
Outside of Time Loki
89%
2018 Thor: Ragnarok
89%
2013 Thor: The Dark World
89%
2026 Ant-Man and the Wasp: Quantumania
84%
2014 Guardians of the Galaxy Vol. 2
84%
2024 Spider-Man: Far From Home
84%
2016 Spider-Man: Homecoming
84%
2024 The Falcon and the Winter Soldier
84%
2025 Thor: Love and Thunder
84%
2000 X-Men
84%
X-Men: The Animated Series
84%
2025 Black Panther: Wakanda Forever
79%
2015-2018 Daredevil
79%
2024 Doctor Strange in the Multiverse of Madness
79%
2026 Guardians of the Galaxy Vol. 3
79%
2024 Hawkeye
79%
2024 Shang-Chi and the Legend of the Ten Rings
79%
2002 Spider-Man
79%
Spider-Man: No Way Home
79%
2016 Deadpool
74%
Eternals
74%
2005 Fantastic Four (2005)
74%
2015 Fantastic Four (2015)
74%
Upcoming IronHeart
74%
2015-2019 Jessica Jones
74%
2025 She-Hulk: Attorney at Law
74%
Upcoming The Fantastic 4: First Steps
74%
2026 The Marvels
74%
2027 Thunderbolts*
74%
Outside of Time What If...?
74%
Upcoming Avengers: Secret Wars
68%
2027 Captain America: Brave New World
68%
2026-2027 Daredevil: Born Again
68%
2018 Deadpool 2/Once Upon a Deadpool
68%
Outside of Time Deadpool & Wolverine
68%
2017-2018 Iron Fist
68%
2029 Logan
68%
2016-2018 Luke Cage
68%
2025 Ms. Marvel
68%
2004 Spider-Man 2
68%
2007 Spider-Man 3
68%
2026 Agatha All Along
63%
1946-1947 Agent Carter
63%
2013-2018 Agents of S.H.I.E.L.D.
63%
2026 Secret Invasion
63%
2017 The Defenders
63%
2017-2019 The Punisher
63%
Cloak & Dagger
58%
Punisher
58%
The Fantastic Four
58%
2013 The Wolverine
58%
2018 Venom
58%
2003 X2: X-Men United
58%
1983 X-Men: Apocalypse
58%
1962 X-Men: First Class
58%
2012 Amazing Spider-Man
53%
2014 Amazing Spider-Man 2
53%
2022 Morbius
53%
Runaways
53%
Spider-Man: Brand New Day
53%
2021 Venom: Let There Be Carnage
53%
2025 Werewolf by Night
53%
Upcoming Blade
47%
2025 Echo
47%
Elektra
47%
2017 Inhumans
47%
2025 The Guardians of the Galaxy Holiday Special
47%
Upcoming VisionQuest
47%
Upcoming Wonder Man
47%
X-Men '97
47%
1992 X-Men: Dark Phoenix
47%
2023, 1973 X-Men: Days of Future Past
47%
1979 X-Men Origins: Wolverine
47%
2007 Ghost Rider
42%
2024 Madame Web
42%
2023 Spider-Man: Across the Spider-Verse
42%
2021 Spider-Man: Into the Spider-Verse
42%
2027 The New Mutants
42%
2024 Venom: The Last Dance
42%
2024 Kraven the Hunter
37%
2006 X-Men: The Last Stand
37%
Blade II
32%
Blade: Trinity
32%
Dr. Strange
32%
Upcoming Eyes of Wakanda
32%
2011 Ghost Rider: Spirit of Vengeance
32%
1986 Howard the Duck
32%
2014 I Am Groot
32%
2007 Fantastic Four: Rise of the Silver Surfer
26%
Upcoming Spider-Man: Beyond the Spider-Verse
26%
Upcoming Armor Wars
16%
Your Friendly Neighborhood Spider-Man
16%
2005 Man-Thing
11%
The Gifted
11%
Nick Fury: Agent of Shield
5%
Spider-Noir
5%
The Death of the Incredible Hulk
5%
The Trial of the Incredible Hulk
5%
2025 Moon Kight
0%
The Incredible Hulk Returns
0%
No matching quizzes found
Score Distribution
Percent of People with Each Score
Percentile by Number Answered
Your Score History
You have not taken this quiz